Statistics for Kings of Portugal

Click here to take the quiz!

General Stats

  • This quiz has been taken 51 times
  • The average score is 28 of 34

Answer Stats

CognomenNameReignLifespan% Correct
The GoodJoão I(1385-1433)(1358-1433)
97%
The Perfect PrinceJoão II(1481-1495)(1455-1495)
97%
The RestorerJoão IV(1640-1656)(1603-1656)
97%
The MagnificentJoão V(1706-1750)(1689-1750)
97%
The Justice MakerPedro I(1357-1367)(1320-1367)
97%
The PiousJoão III(1521-1557)(1502-1557)
94%
The PacificPedro II(1683-1706)(1648-1706)
94%
The DiplomatCarlos(1889-1908)(1863-1908)
91%
The ChasteHenrique(1578-1580)(1512-1580)
89%
The ClementJoão VI(1816-1826)(1767-1826)
89%
The FortunateManuel I(1495-1521)(1469-1521)
89%
The Sorrow KingManuel II(1908-1910)(1889-1932)
89%
The MadMaria I(1777-1816)(1734-1816)
89%
The PrudentFilipe I(1580-1598)(1527-1598)
86%
The PiousFilipe II(1598-1621)(1578-1621)
86%
The OpressorFilipe III(1621-1640)(1605-1665)
86%
The EducatorMaria II(1826-1828/1834-1853)(1819-1853)
86%
The UsurperMiguel(1828-1834)(1802-1866)
86%
The FairFernando I(1367-1383)(1345-1383)
83%
The PopularLuís(1861-1889)(1838-1889)
83%
The DesiredSebastião(1557-1578)(1554-1578)
83%
The ConquerorAfonso I(1143-1185)(1109-1185)
80%
The FatAfonso II(1211-1223)(1185-1223)
80%
The BraveAfonso IV(1325-1357)(1291-1357)
80%
The Count of BologneAfonso III(1248-1279)(1210-1279)
77%
The AfricanAfonso V(1438-1481)(1432-1481)
77%
The FarmerDinis(1279-1325)(1261-1325)
77%
The ReformerJosé(1750-1777)(1714-1777)
77%
The PopulatorSancho I(1185-1211)(1154-1211)
74%
The PiousSancho II(1223-1247)(1209-1248)
74%
The EloquentDuarte(1433-1438)(1391-1438)
69%
The VictoriousAfonso VI(1656-1683)(1643-1683)
66%
The Soldier KingPedro IV(1826)(1798-1834)
63%
The HopefulPedro V(1853-1861)(1837-1861)
51%

Score Distribution

Percentile by Number Answered

Percent of People with Each Score

Your Score History

You have not taken this quiz